| 000 | 00712nam a2200229Ia 4500 | ||
|---|---|---|---|
| 001 | 4954 | ||
| 003 | AR-BaAGN | ||
| 005 | 20231116141331.0 | ||
| 007 | ta | ||
| 008 | 211213s1921 ag |||||||||||||| ||spa d | ||
| 040 |
_dAR-BaAGN _aAR-BaAGN _bspa _eaacr |
||
| 100 | _aBurlureaux, C. | ||
| 245 | 1 | 0 |
_aPara nuestras hijas : _bcuando sus madres estimen oportunos estos consejos _cC. Burluereaux ; versión española del Dr. Emilio R. Coni |
| 260 |
_aBuenos Aires : _bF. Landreau, _c1921. |
||
| 300 | _a31 páginas | ||
| 336 |
_2rdacontent _btxt |
||
| 337 |
_2rdamedia _bn |
||
| 338 |
_2rdacarrier _bnc |
||
| 490 | _aLiga Argentina de profilaxis social, folleto Nº 3 | ||
| 700 |
_aConi, Emilio R. _etrl |
||
| 942 | _cLIBRO | ||
| 999 |
_c4954 _d4954 |
||